000 00403nam a2200193Ia 4500
008 101110s9999 xx 000 0 und d
041 _aURDU
082 _bSR8792
100 _aAbadi L.Ahmad Akbar
245 _aSubh -O- Sham
365 _b5
520 _aUrdu
546 _aURDU
630 _aSubh -O- Sham
650 _aUrdu
655 _aUrdu
730 _aSubh -O- Sham
942 _cBOOK
999 _c804055
_d804052